<?xml version="1.0" encoding="UTF-8"?>
<record
    xmlns:xsi="http://www.w3.org/2001/XMLSchema-instance"
    xsi:schemaLocation="http://www.loc.gov/MARC21/slim http://www.loc.gov/standards/marcxml/schema/MARC21slim.xsd"
    xmlns="http://www.loc.gov/MARC21/slim">

  <leader>00838cam a2200229   4500</leader>
  <controlfield tag="001">sa 68000610 </controlfield>
  <controlfield tag="003">DLC</controlfield>
  <controlfield tag="005">20260227112425.0</controlfield>
  <controlfield tag="008">890908m19639999pk            000 0 urdo </controlfield>
  <datafield tag="010" ind1=" " ind2=" ">
    <subfield code="a">sa 68000610 </subfield>
  </datafield>
  <datafield tag="040" ind1=" " ind2=" ">
    <subfield code="a">DLC</subfield>
    <subfield code="c">DLC</subfield>
    <subfield code="d">DLC</subfield>
  </datafield>
  <datafield tag="050" ind1="0" ind2="0">
    <subfield code="a">BP163</subfield>
    <subfield code="b">.M3819</subfield>
  </datafield>
  <datafield tag="100" ind1="1" ind2=" ">
    <subfield code="a">Maudoodi, Syed Abul &#x2BB;Ala,</subfield>
    <subfield code="d">1903-1979.</subfield>
  </datafield>
  <datafield tag="245" ind1="1" ind2="0">
    <subfield code="a">Ras&#x101;&#x2BC;il o mas&#x101;&#x2BC;il.</subfield>
    <subfield code="c">[Mu&#x1E63;annif] Sayyid Ab&#x16B;la&#x2BB;l&#x101; Maud&#x16B;d&#x12B;.</subfield>
  </datafield>
  <datafield tag="260" ind1=" " ind2=" ">
    <subfield code="a">L&#x101;haur,</subfield>
    <subfield code="b">Isl&#x101;mik Pabl&#x12B;keshanz</subfield>
    <subfield code="c">[1963-   &lt;1986   &gt;</subfield>
  </datafield>
  <datafield tag="300" ind1=" " ind2=" ">
    <subfield code="a">v. &lt;1-7   &gt; ;</subfield>
    <subfield code="c">19 cm.</subfield>
  </datafield>
  <datafield tag="500" ind1=" " ind2=" ">
    <subfield code="a">In Urdu.</subfield>
  </datafield>
  <datafield tag="500" ind1=" " ind2=" ">
    <subfield code="a">Vols. 3-4, 6-  : ish&#x101;&#x2BB;at 1; v. 5: ish&#x101;&#x2BB;at 2.</subfield>
  </datafield>
  <datafield tag="500" ind1=" " ind2=" ">
    <subfield code="a">Vol. 5- published by Id&#x101;rah-yi Ma&#x2BB;&#x101;rif-i Isl&#x101;m&#x12B;, L&#x101;haur.</subfield>
  </datafield>
  <datafield tag="500" ind1=" " ind2=" ">
    <subfield code="a">Vols. 6-7 written by Malik G&#x332;h&#x332;ul&#x101;m &#x2BB;Al&#x12B; and published by Id&#x101;rah-yi Ma&#x2BB;&#x101;rif-i Isl&#x101;m&#x12B;, L&#x101;haur.</subfield>
  </datafield>
  <datafield tag="650" ind1=" " ind2="0">
    <subfield code="a">Islam</subfield>
    <subfield code="x">Miscellanea.</subfield>
  </datafield>
  <datafield tag="999" ind1=" " ind2=" ">
    <subfield code="c">77327</subfield>
    <subfield code="d">77327</subfield>
  </datafield>
</record>
